000 00998cam a22002891i 4500
003 SA-RiAUC
005 20240915124518.0
008 240912s1997 le g b 00000 ara c
040 _aSA-RiAUC
_bara
_cSA-RiAUC
_erda
050 4 _b.M33 1997
082 0 4 _a296
_qSA-RiAUC
090 _a296
_b م ح ا
100 1 _aمحادين، موفق
_eمؤلف.
245 1 0 _aدورة الدين اليهودي /
_cموفق محادين.
250 _aالطبعة الأولى.
264 1 _aبيروت :
_bدار الكنوز الأدبية،
_c1997
300 _a240 صفحة ؛
_c24 سم
336 _aنص
_btxt
_2rdacontent
_3كتاب
337 _aبدون وسيط
_bn
_2rdamedia
338 _aمجلد
_bnc
_2rdacarrier
504 _aيشتمل على إرجاعات ببليوجرافية.
650 2 7 _aاليهودية
_2aucsh
650 7 _aالصهيونية
_2aucsh
650 7 _aاليهود
_xتاريخ
_2aucsh
942 _2ddc
_cBOOK
949 _aSA-JeALM
_d240912
_umohamedma123
_n1
999 _c251
_d251